[Event "Werther Schloss op 27th"]
[Site "Werther"]
[Date "2024.03.23"]
[Round "4"]
[White "Stemmler, Fabian"]
[Black "Kemper, Meinolf"]
[Result "1-0"]
[WhiteElo "2147"]
[BlackElo "2042"]
[PlyCount "69"]
[EventDate "2024.03.21"]
[EventType "swiss"]
[EventRounds "7"]
[EventCountry "GER"]
[SourceTitle "CB13_2024"]
[SourceDate "2024.03.27"]
[SourceVersion "1"]
[SourceVersionDate "2024.03.27"]
[SourceQuality "1"]

1. e4 c6 2. Nc3 d5 3. Nf3 Bg4 4. h3 Bxf3 5. Qxf3 e6 6. g3 Nf6 7. Bg2 Nbd7 8. Qe2 dxe4 9. Nxe4 Nxe4 10. Qxe4 Bc5 11. c3 0-0 12. d4 Bd6 13. 0-0 Qc7 14. Rd1 Rfe8 15. Qd3 h6 16. Be3 Rad8 17. a4 a5 18. Qc2 Nf6 19. c4 Rd7 20. Rac1 Qd8 21. Qb3 Bb8 22. Rd3 Ba7 23. Rcd1 Qc8 24. Bf3 Red8 25. Kg2 Qb8 26. Bf4 Qc8 27. Be5 Ne8 28. d5 f6 29. Bc3 cxd5 30. cxd5 b6 31. dxe6 Rxd3 32. e7+ Kh8 33. exd8Q Qxd8 34. Rxd3 Qxd3 35. Qf7 1-0

[Event "Paderborn op 10th"]
[Site "Paderborn"]
[Date "2013.12.27"]
[Round "2"]
[White "Kemper, Meinolf"]
[Black "Levin, Felix"]
[Result "0-1"]
[WhiteElo "2161"]
[BlackElo "2472"]
[PlyCount "54"]
[EventDate "2013.12.27"]
[EventType "swiss"]
[EventRounds "7"]
[EventCountry "GER"]
[SourceTitle "CBM 158 Extra"]
[Source "ChessBase"]
[SourceDate "2014.02.28"]
[SourceVersion "1"]
[SourceVersionDate "2014.02.28"]
[SourceQuality "1"]

1. c4 e6 2. Nf3 Nf6 3. g3 d5 4. Bg2 Be7 5. 0-0 0-0 6. b3 d4 7. Bb2 c5 8. b4 Nc6 9. b5 Na5 10. d3 Bd6 11. Nbd2 e5 12. Nb3 Nxb3 13. axb3 a6 14. Bc1 h6 15. Bd2 Rb8 16. bxa6 bxa6 17. Ba5 Qd7 18. Qc2 Bb7 19. Rfb1 e4 20. Ne1 e3 21. fxe3 Ng4 22. Bd2 dxe3 23. Bc1 Nxh2 24. Bxe3 Ng4 25. Bh3 Qe7 26. Bf2 Nxf2 27. Kxf2 Qg5 0-1

[Event "NRW Class2 1112"]
[Site "Germany"]
[Date "2012.04.29"]
[Round "9.7"]
[White "Andrae, Philipp"]
[Black "Kemper, Meinolf"]
[Result "0-1"]
[WhiteElo "1605"]
[BlackElo "2070"]
[PlyCount "66"]
[EventDate "2011.09.18"]
[EventType "team-tourn"]
[EventRounds "9"]
[EventCountry "GER"]
[SourceTitle "EXT 2015"]
[Source "ChessBase"]
[SourceDate "2014.11.20"]
[SourceVersion "1"]
[SourceVersionDate "2014.11.20"]
[SourceQuality "1"]
[WhiteTeam "Solingen III"]
[BlackTeam "Lippstadt Turm"]
[WhiteTeamCountry "GER"]
[BlackTeamCountry "GER"]

1. e4 c6 2. d4 d5 3. Nc3 dxe4 4. Nxe4 Nf6 5. Nxf6+ gxf6 6. Bf4 Qb6 7. b3 Bf5 8. c3 Nd7 9. Nf3 Rg8 10. Nh4 Be4 11. Qe2 Bg6 12. Nxg6 hxg6 13. Qe3 0-0-0 14. Bc4 e5 15. dxe5 Bc5 16. Qf3 fxe5 17. Bg5 Rde8 18. 0-0 e4 19. Qg3 Ne5 20. Qh3+ Kb8 21. Bf4 Bd6 22. Bxe5 Bxe5 23. Bxf7 Rh8 24. Bxe8 Rxh3 25. gxh3 Qd8 26. f4 Bxc3 27. Rad1 Qxe8 28. Kf2 e3+ 29. Ke2 Qe4 30. h4 Bd4 31. Rc1 Qg2+ 32. Kd3 Qd2+ 33. Ke4 e2 0-1

[Event "Lippe Cup-A 08th"]
[Site "Lieme"]
[Date "2011.10.29"]
[Round "3"]
[White "Kemper, Meinolf"]
[Black "Gutman, Lev"]
[Result "0-1"]
[WhiteElo "2114"]
[BlackElo "2450"]
[PlyCount "40"]
[EventDate "2011.10.28"]
[EventType "swiss"]
[EventRounds "5"]
[EventCountry "GER"]
[SourceTitle "EXT 2012"]
[Source "ChessBase"]
[SourceDate "2011.11.24"]
[SourceVersion "1"]
[SourceVersionDate "2011.11.24"]
[SourceQuality "1"]

1. c4 Nf6 2. b3 g6 3. Bb2 Bg7 4. g3 0-0 5. Bg2 a5 6. Nc3 c6 7. e4 Na6 8. Nge2 Rb8 9. 0-0 b5 10. cxb5 cxb5 11. Rc1 d6 12. Nd5 Nb4 13. Bxf6 Bxf6 14. Nxf6+ exf6 15. a3 Nd3 16. Rc3 Nc5 17. b4 axb4 18. axb4 Na4 19. Rc1 Bg4 20. h3 Nb2 0-1

[Event "Lippe Cup-A 08th"]
[Site "Lieme"]
[Date "2011.10.29"]
[Round "2"]
[White "Mann, Guenter"]
[Black "Kemper, Meinolf"]
[Result "0-1"]
[WhiteElo "1942"]
[BlackElo "2114"]
[PlyCount "72"]
[EventDate "2011.10.28"]
[EventType "swiss"]
[EventRounds "5"]
[EventCountry "GER"]
[SourceTitle "EXT 2012"]
[Source "ChessBase"]
[SourceDate "2011.11.24"]
[SourceVersion "1"]
[SourceVersionDate "2011.11.24"]
[SourceQuality "1"]

1. e4 d5 2. exd5 Qxd5 3. Nc3 Qa5 4. d4 c6 5. Bd3 Nf6 6. Nge2 Bg4 7. f3 Bh5 8. 0-0 e6 9. Bf4 Be7 10. a3 0-0 11. Qe1 Nbd7 12. Qg3 Bg6 13. Bc7 Nb6 14. b4 Qh5 15. Nf4 Qh6 16. Bxg6 hxg6 17. Qh3 Rac8 18. Qxh6 gxh6 19. Bxb6 axb6 20. Na4 Nd7 21. Nd3 Ra8 22. Nab2 Ra7 23. Nc4 Rfa8 24. Rfb1 b5 25. Na5 Bd8 26. Nb3 Rxa3 27. Rxa3 Rxa3 28. Ndc5 Nxc5 29. dxc5 Kf8 30. Kf1 Ra2 31. Rd1 Ke8 32. Rd2 Rb2 33. f4 Bf6 34. Na5 Rxb4 35. Nxb7 Rxf4+ 36. Ke2 Rd4 0-1

[Event "Moehnesee Cup 36th"]
[Site "Moehnesee"]
[Date "2010.08.29"]
[Round "6"]
[White "Kemper, Meinolf"]
[Black "Karius, Thomas"]
[Result "1/2-1/2"]
[WhiteElo "2119"]
[BlackElo "2234"]
[PlyCount "60"]
[EventDate "2010.08.26"]
[EventType "swiss"]
[EventRounds "7"]
[EventCountry "GER"]
[SourceTitle "EXT 2011"]
[Source "ChessBase"]
[SourceDate "2010.11.26"]
[SourceVersion "1"]
[SourceVersionDate "2010.11.26"]
[SourceQuality "1"]

1. d4 Nf6 2. Bg5 d6 3. Bxf6 gxf6 4. e3 f5 5. Bd3 e6 6. Qh5 Qf6 7. Ne2 Nd7 8. Nbc3 Qg6 9. Qf3 Qg4 10. Qxg4 fxg4 11. h3 gxh3 12. Rxh3 h6 13. 0-0-0 a6 14. Ng3 b5 15. Be4 d5 16. Bf3 c5 17. Rh2 cxd4 18. exd4 b4 19. Nce2 a5 20. Re1 Ba6 21. Nf4 0-0-0 22. Bh5 Rh7 23. Be2 Bxe2 24. Ngxe2 Nf6 25. f3 Bd6 26. Reh1 Ng8 27. Rh3 Re8 28. g4 f6 29. Kd2 Rc7 30. Ng2 Kd7 1/2-1/2

[Event "Werther Schloss op-A 9th"]
[Site "Werther"]
[Date "2003.04.12"]
[Round "2"]
[White "Kemper, Meinolf"]
[Black "Walkenhorst, Andreas"]
[Result "1/2-1/2"]
[WhiteElo "2083"]
[BlackElo "1939"]
[PlyCount "78"]
[EventDate "2003.04.11"]
[EventType "swiss"]
[EventRounds "5"]
[EventCountry "GER"]
[SourceTitle "CBM 093 Extra"]
[Source "ChessBase"]
[SourceDate "2003.05.09"]
[SourceVersion "1"]
[SourceVersionDate "2003.05.09"]
[SourceQuality "1"]

1. e4 e6 2. d4 d5 3. Nc3 Bb4 4. e5 Ne7 5. a3 Bxc3+ 6. bxc3 c5 7. Nf3 Bd7 8. a4 Qa5 9. Bd2 Nbc6 10. Be2 f6 11. exf6 gxf6 12. 0-0 0-0-0 13. c4 Qc7 14. c3 Rhg8 15. Qc2 h5 16. Qb2 e5 17. cxd5 Nxd5 18. c4 Nde7 19. d5 Nd4 20. Nxd4 exd4 21. Bf3 Bg4 22. Be4 f5 23. Bd3 Bh3 24. g3 Bxf1 25. Bxf1 h4 26. Bg2 hxg3 27. hxg3 Ng6 28. Rb1 Rd6 29. Bh3 Rf6 30. d6 Qd7 31. Bg2 b6 32. a5 Rxd6 33. Qa3 Qc7 34. Qf3 Rf8 35. axb6 Rxb6 36. Ra1 Qb8 37. Re1 Qd6 38. Qa8+ Qb8 39. Qf3 Qd6 1/2-1/2

[Event "Bayern-chI Bank Hofmann 5th"]
[Site "Bad Wiessee"]
[Date "2001.10.28"]
[Round "2"]
[White "Kemper, Meinolf"]
[Black "Buchner, Rudolf"]
[Result "1/2-1/2"]
[WhiteElo "2089"]
[BlackElo "2249"]
[PlyCount "133"]
[EventDate "2001.10.27"]
[EventType "swiss"]
[EventRounds "9"]
[EventCountry "GER"]
[SourceTitle "EXT 2003"]
[Source "ChessBase"]
[SourceDate "2002.11.25"]
[SourceVersion "1"]
[SourceVersionDate "2002.11.25"]
[SourceQuality "1"]

1. e4 e5 2. Nf3 Nc6 3. Bb5 a6 4. Ba4 Nf6 5. 0-0 Be7 6. Re1 b5 7. Bb3 d6 8. c3 0-0 9. h3 Na5 10. Bc2 c5 11. d4 Qc7 12. Nbd2 Bd7 13. Nf1 cxd4 14. cxd4 Rac8 15. Bd3 Nc6 16. Be3 Rfd8 17. d5 Na5 18. Bg5 Rf8 19. Qe2 Qd8 20. Ng3 Nxd5 21. exd5 Bxg5 22. Nxg5 Qxg5 23. Ne4 Qh6 24. f3 f5 25. Nd2 Qf4 26. Qf2 Nb7 27. g3 Qb4 28. Nf1 Qc5 29. Ne3 g6 30. f4 Rfe8 31. a3 Qd4 32. Rad1 exf4 33. gxf4 Qf6 34. b4 Rc3 35. Nc2 Rxe1+ 36. Qxe1 Nd8 37. Qf2 Nf7 38. Kg2 g5 39. Qa7 Bc8 40. Qd4 Qxd4 41. Nxd4 gxf4 42. Bxf5 Bxf5 43. Nxf5 Rxa3 44. Rc1 f3+ 45. Kg3 Ne5 46. Rc8+ Kf7 47. Nxd6+ Kg6 48. Re8 f2+ 49. Kxf2 Nd3+ 50. Ke3 Nxb4+ 51. Ke4 Rxh3 52. Re6+ Kh5 53. Nf5 Nxd5 54. Kxd5 Kg5 55. Nd4 Ra3 56. Rb6 h5 57. Ke4 Ra4 58. Ke3 b4 59. Nc2 a5 60. Kf3 h4 61. Rb5+ Kg6 62. Nd4 h3 63. Kg3 Ra3+ 64. Kh2 Rd3 65. Nc6 Kf6 66. Nxa5 Ke6 67. Rxb4 1/2-1/2

[Event "Kleve op"]
[Site "Kleve"]
[Date "2001.05.26"]
[Round "5"]
[White "Kemper, Meinolf"]
[Black "Puth, Dieter"]
[Result "0-1"]
[WhiteElo "2110"]
[BlackElo "2185"]
[PlyCount "64"]
[EventDate "2001.05.24"]
[EventType "swiss"]
[EventRounds "7"]
[EventCountry "GER"]
[SourceTitle "EXT 2003"]
[Source "ChessBase"]
[SourceDate "2002.11.25"]
[SourceVersion "1"]
[SourceVersionDate "2002.11.25"]
[SourceQuality "1"]

1. e4 c5 2. Nf3 d6 3. d4 cxd4 4. Nxd4 Nf6 5. Nc3 a6 6. Be3 e5 7. Nb3 Be6 8. f3 Nbd7 9. Qd2 b5 10. g4 Nb6 11. Bxb6 Qxb6 12. h4 b4 13. Nd5 Nxd5 14. exd5 Bd7 15. 0-0-0 Be7 16. Kb1 a5 17. Qe2 0-0 18. Nd2 a4 19. f4 b3 20. cxb3 axb3 21. a3 Ra4 22. f5 h5 23. Ne4 Rc8 24. Qf3 Rc2 25. Bd3 hxg4 26. Qg3 Qd4 27. Nc3 Rxc3 28. bxc3 Qxc3 29. f6 Qc5 30. Bh7+ Kxh7 31. Qxb3 Bxf6 32. Rd3 Bf5 0-1

[Event "Werther Schloss op-A 7th"]
[Site "Werther"]
[Date "2001.04.08"]
[Round "5"]
[White "Kemper, Meinolf"]
[Black "Adam, Detlef"]
[Result "1/2-1/2"]
[WhiteElo "2115"]
[BlackElo "2001"]
[PlyCount "43"]
[EventDate "2001.04.06"]
[EventType "swiss"]
[EventRounds "5"]
[EventCountry "GER"]
[SourceTitle "EXT 2002"]
[Source "ChessBase"]
[SourceDate "2001.11.25"]
[SourceVersion "1"]
[SourceVersionDate "2001.11.25"]
[SourceQuality "1"]

1. d4 Nf6 2. c4 e5 3. e3 exd4 4. exd4 Bb4+ 5. Nc3 Ne4 6. Qc2 0-0 7. Bd3 d5 8. cxd5 Bf5 9. Nge2 Nxc3 10. bxc3 Bxd3 11. Qxd3 Ba5 12. Nf4 g5 13. Nh5 f5 14. h4 Qe8+ 15. Kf1 Qxh5 16. Bxg5 c6 17. Qg3 Qg4 18. Qd6 Bxc3 19. Qe6+ Rf7 20. Qe8+ Kg7 21. Qe5+ Kg8 22. Qe8+ 1/2-1/2

[Event "Werther Schloss op-A 7th"]
[Site "Werther"]
[Date "2001.04.07"]
[Round "3"]
[White "Kemper, Meinolf"]
[Black "Wippermann, Till"]
[Result "0-1"]
[WhiteElo "2115"]
[BlackElo "2292"]
[PlyCount "46"]
[EventDate "2001.04.06"]
[EventType "swiss"]
[EventRounds "5"]
[EventCountry "GER"]
[SourceTitle "EXT 2002"]
[Source "ChessBase"]
[SourceDate "2001.11.25"]
[SourceVersion "1"]
[SourceVersionDate "2001.11.25"]
[SourceQuality "1"]

1. d4 g6 2. Nf3 Bg7 3. e4 c5 4. c3 Qc7 5. Be3 d6 6. Bd3 Bg4 7. Nbd2 Nf6 8. h3 Bxf3 9. Nxf3 0-0 10. 0-0 e5 11. Qd2 a6 12. Bh6 Nc6 13. Bxg7 Kxg7 14. d5 Ne7 15. Nh2 c4 16. Bc2 Nh5 17. g3 Qc5 18. Kg2 Rad8 19. Bd1 Nf6 20. Ng4 Nxe4 21. Qh6+ Kh8 22. Bf3 Ng8 23. Qh4 Nd2 0-1

[Event "Sportland NRW-Cup"]
[Site "Senden"]
[Date "2000.??.??"]
[Round "8"]
[White "Kemper, Meinolf"]
[Black "Bruemmer, Frank"]
[Result "1-0"]
[WhiteElo "2103"]
[BlackElo "2248"]
[PlyCount "87"]
[EventDate "2000.10.??"]
[EventType "swiss"]
[EventRounds "9"]
[EventCountry "GER"]
[SourceTitle "EXT 2001"]
[Source "ChessBase"]
[SourceDate "2000.11.22"]
[SourceVersion "1"]
[SourceVersionDate "2000.11.22"]
[SourceQuality "1"]

1. e4 e6 2. d4 d5 3. Nc3 Nf6 4. e5 Ne4 5. Nxe4 dxe4 6. Be3 c5 7. Ne2 Qb6 8. dxc5 Qxb2 9. Bd4 Qa3 10. Ng3 Bxc5 11. Nxe4 Bxd4 12. Qxd4 Nc6 13. Bb5 Qa5+ 14. c3 Qxb5 15. Nd6+ Kf8 16. Nxb5 Nxd4 17. cxd4 Bd7 18. Nd6 Bc6 19. 0-0 Ke7 20. Rab1 Rab8 21. Rfc1 Rhd8 22. f4 f5 23. Kf2 Bd5 24. a3 b6 25. h3 Rd7 26. Rb2 Rg8 27. Rbc2 g5 28. Rc8 Rxc8 29. Rxc8 Rd8 30. fxg5 Rxc8 31. Nxc8+ Kf7 32. Nxa7 Kg6 33. Nc8 Kxg5 34. Nxb6 Bb7 35. a4 Kf4 36. Nc4 Bc6 37. a5 Ke4 38. Nd6+ Kxd4 39. Nf7 Bd5 40. a6 Kc5 41. a7 Kb6 42. Ng5 h6 43. Nxe6 Kxa7 44. Ng7 1-0

[Event "Sportland NRW-Cup"]
[Site "Senden"]
[Date "1999.??.??"]
[Round "5"]
[White "Ballo, Emanuel"]
[Black "Kemper, Meinolf"]
[Result "1-0"]
[WhiteElo "2220"]
[BlackElo "2105"]
[PlyCount "39"]
[EventDate "1999.10.??"]
[EventType "swiss"]
[EventRounds "9"]
[EventCountry "GER"]
[SourceTitle "EXT 2000"]
[Source "ChessBase"]
[SourceDate "1999.11.16"]
[SourceVersion "1"]
[SourceVersionDate "1999.11.16"]
[SourceQuality "1"]

1. d4 Nf6 2. c4 g6 3. Nc3 Bg7 4. e4 d6 5. f3 0-0 6. Be3 e5 7. Nge2 c6 8. Qb3 Nbd7 9. 0-0-0 a6 10. dxe5 Nxe5 11. f4 Neg4 12. Bb6 Qe7 13. h3 Nh6 14. Ng3 Nd7 15. Bc7 Nc5 16. Qb6 Bxc3 17. Bxd6 Qh4 18. Bxf8 Qxf4+ 19. Kb1 Nxe4 20. Bxh6 1-0

[Event "Sportland NRW-Cup"]
[Site "Senden"]
[Date "1999.??.??"]
[Round "3"]
[White "Berkvens, Joost"]
[Black "Kemper, Meinolf"]
[Result "1/2-1/2"]
[WhiteElo "2265"]
[BlackElo "2105"]
[PlyCount "123"]
[EventDate "1999.10.??"]
[EventType "swiss"]
[EventRounds "9"]
[EventCountry "GER"]
[SourceTitle "EXT 2000"]
[Source "ChessBase"]
[SourceDate "1999.11.16"]
[SourceVersion "1"]
[SourceVersionDate "1999.11.16"]
[SourceQuality "1"]

1. e4 c5 2. Nf3 d6 3. d4 cxd4 4. Nxd4 Nf6 5. Nc3 a6 6. Be3 Ng4 7. Bg5 h6 8. Bh4 g5 9. Bg3 Bg7 10. h3 Ne5 11. Nf5 Bxf5 12. exf5 Nbd7 13. Be2 Rc8 14. Nd5 Nc4 15. Bxc4 Rxc4 16. c3 Ne5 17. Qe2 Rc5 18. Rd1 e6 19. fxe6 fxe6 20. Bxe5 Bxe5 21. Qh5+ Kd7 22. Nb4 Rxc3 23. Qf7+ Qe7 24. Nd3 Rxd3 25. Qxe7+ Kxe7 26. Rxd3 Rc8 27. Ke2 b5 28. Rb1 d5 29. Kd1 Rc4 30. b3 Rf4 31. Ke2 b4 32. Rf3 Bc3 33. Rxf4 gxf4 34. g3 fxg3 35. fxg3 e5 36. Rf1 e4 37. Ke3 Bf6 38. h4 Ke6 39. Rf4 Ke5 40. Rg4 d4+ 41. Kd2 Kd5 42. Rg6 Be5 43. Rg8 Bc7 44. Rg7 Bd6 45. Rg8 d3 46. Rd8 Ke5 47. Rc8 Kd4 48. Rc4+ Kd5 49. Ke3 Bc5+ 50. Kd2 h5 51. a3 a5 52. a4 Bf8 53. Rc7 Bh6+ 54. Ke1 e3 55. Rh7 Bf8 56. Rxh5+ Ke4 57. Rg5 e2 58. Rg6 Bc5 59. Re6+ Kf5 60. Re8 Bd4 61. g4+ Kf4 62. g5 1/2-1/2

[Event "Sportland NRW-Cup"]
[Site "Senden"]
[Date "1999.??.??"]
[Round "2"]
[White "Huster, Markus"]
[Black "Kemper, Meinolf"]
[Result "1-0"]
[WhiteElo "2210"]
[BlackElo "2105"]
[PlyCount "75"]
[EventDate "1999.10.??"]
[EventType "swiss"]
[EventRounds "9"]
[EventCountry "GER"]
[SourceTitle "EXT 2000"]
[Source "ChessBase"]
[SourceDate "1999.11.16"]
[SourceVersion "1"]
[SourceVersionDate "1999.11.16"]
[SourceQuality "1"]

1. d4 Nf6 2. Nf3 g6 3. g3 Bg7 4. Bg2 0-0 5. 0-0 d6 6. c4 Nbd7 7. Nc3 e5 8. e4 a5 9. h3 Re8 10. Re1 exd4 11. Nxd4 Nc5 12. Qc2 Nfxe4 13. Nxe4 Bxd4 14. Bg5 Qd7 15. Nf6+ Bxf6 16. Bxf6 Re6 17. Bc3 Qe8 18. Qd2 Na4 19. Bd4 c5 20. Bf6 Nb6 21. b3 a4 22. Rad1 axb3 23. axb3 Nd7 24. Bb2 Ra2 25. Rxe6 Qxe6 26. f4 b5 27. Qc3 Rxb2 28. Qxb2 bxc4 29. bxc4 Ba6 30. Qd2 Bxc4 31. Qxd6 Qe3+ 32. Kh2 Be6 33. Qe7 Qb3 34. Rxd7 Bxd7 35. Qxd7 c4 36. h4 c3 37. Bd5 Qc2+ 38. Kh3 1-0

[Event "Sportland NRW-Cup"]
[Site "Senden"]
[Date "1999.??.??"]
[Round "8"]
[White "Kemper, Meinolf"]
[Black "Pedersen, Daniel Vesterbaek"]
[Result "1-0"]
[WhiteElo "2105"]
[BlackElo "2310"]
[PlyCount "30"]
[EventDate "1999.10.??"]
[EventType "swiss"]
[EventRounds "9"]
[EventCountry "GER"]
[SourceTitle "EXT 2000"]
[Source "ChessBase"]
[SourceDate "1999.11.16"]
[SourceVersion "1"]
[SourceVersionDate "1999.11.16"]
[SourceQuality "1"]

1. c4 e6 2. d4 d5 3. cxd5 exd5 4. Nc3 Nf6 5. Bg5 c6 6. e3 Qb6 7. Qc2 Ne4 8. Bf4 Bf5 9. Bd3 Na6 10. a3 Qa5 11. Rb1 b5 12. Kf1 Rc8 13. Nxe4 dxe4 14. Bxe4 Bd7 15. Bf5 Bxf5 1-0

[Event "Sportland NRW-Cup"]
[Site "Senden"]
[Date "1999.??.??"]
[Round "9"]
[White "Mossakowski, Florian"]
[Black "Kemper, Meinolf"]
[Result "1-0"]
[WhiteElo "2295"]
[BlackElo "2105"]
[PlyCount "57"]
[EventDate "1999.10.??"]
[EventType "swiss"]
[EventRounds "9"]
[EventCountry "GER"]
[SourceTitle "EXT 2000"]
[Source "ChessBase"]
[SourceDate "1999.11.16"]
[SourceVersion "1"]
[SourceVersionDate "1999.11.16"]
[SourceQuality "1"]

1. e4 c5 2. Nf3 d6 3. d4 cxd4 4. Nxd4 Nf6 5. Nc3 a6 6. f4 e5 7. Nf3 Qc7 8. a4 Be6 9. Bd3 Nbd7 10. 0-0 Be7 11. Kh1 0-0 12. Qe1 Rac8 13. f5 Bc4 14. g4 d5 15. Bxc4 Qxc4 16. Nd2 Qc6 17. g5 Nxe4 18. Ndxe4 dxe4 19. Be3 Bb4 20. f6 Bxc3 21. bxc3 Qxc3 22. Qg3 Nc5 23. fxg7 Kxg7 24. g6 Ne6 25. Bh6+ Kg8 26. gxf7+ Kh8 27. Qxc3 Rxc3 28. Bxf8 Nxf8 29. Rg1 1-0

[Event "Sportland NRW-Cup"]
[Site "Senden"]
[Date "1998.10.16"]
[Round "9"]
[White "Kemper, Meinolf"]
[Black "Balcerak, Philipp"]
[Result "1/2-1/2"]
[WhiteElo "2085"]
[BlackElo "2020"]
[PlyCount "69"]
[EventDate "1998.10.08"]
[EventType "swiss"]
[EventRounds "9"]
[EventCountry "GER"]
[SourceTitle "CBM 067 Extra"]
[Source "ChessBase"]
[SourceDate "1999.01.01"]
[SourceVersion "1"]
[SourceVersionDate "1999.01.01"]
[SourceQuality "1"]

1. e4 c5 2. Nf3 d6 3. d4 cxd4 4. Nxd4 Nf6 5. Nc3 a6 6. Be3 Ng4 7. Bg5 h6 8. Bh4 g5 9. Bg3 Bg7 10. Be2 h5 11. Bxg4 Bxg4 12. f3 Bd7 13. Qd2 Nc6 14. Nxc6 bxc6 15. Qxg5 Bh6 16. Qh4 Qb6 17. Nd1 Qa5+ 18. c3 Rg8 19. e5 dxe5 20. Qxh5 Bg5 21. Qh7 Rf8 22. Qe4 Bf6 23. Ne3 Qb5 24. Nc4 Be6 25. Nxe5 Bd5 26. Qe2 Qxe2+ 27. Kxe2 Rb8 28. b3 Rd8 29. Rad1 Rg8 30. Kf2 Rxg3 31. hxg3 Bxe5 32. c4 Be6 33. Rxd8+ Kxd8 34. Rd1+ Kc7 35. g4 1/2-1/2

[Event "Sportland NRW-Cup"]
[Site "Senden"]
[Date "1998.10.15"]
[Round "8"]
[White "Handke, Florian"]
[Black "Kemper, Meinolf"]
[Result "1-0"]
[WhiteElo "2310"]
[BlackElo "2085"]
[PlyCount "79"]
[EventDate "1998.10.08"]
[EventType "swiss"]
[EventRounds "9"]
[EventCountry "GER"]
[SourceTitle "CBM 067 Extra"]
[Source "ChessBase"]
[SourceDate "1999.01.01"]
[SourceVersion "1"]
[SourceVersionDate "1999.01.01"]
[SourceQuality "1"]

1. d4 Nf6 2. c4 g6 3. Nc3 Bg7 4. e4 d6 5. Be2 0-0 6. Nf3 e5 7. d5 Nbd7 8. Bg5 h6 9. Bh4 a6 10. Nd2 Qe8 11. 0-0 Nh7 12. Rc1 Kh8 13. b4 Rg8 14. c5 f5 15. f3 Bf8 16. Nc4 f4 17. Bf2 g5 18. g4 fxg3 19. hxg3 g4 20. f4 Qh5 21. Qe1 Qh3 22. Be3 exf4 23. Rxf4 Ne5 24. Nxe5 dxe5 25. Rf7 Rg7 26. Bf1 Qh5 27. Rf2 Rg8 28. Qd2 Qg6 29. Bc4 b5 30. Bb3 Bg7 31. Rcf1 Nf6 32. Rh2 h5 33. d6 Rd8 34. Bg5 cxd6 35. Bxf6 Bxf6 36. Rxf6 Qxf6 37. Rxh5+ Kg7 38. Rg5+ Kf8 39. Rg8+ Ke7 40. Nd5+ 1-0

[Event "NRW-Cup Masters op"]
[Site "Muenster"]
[Date "1997.??.??"]
[Round "2"]
[White "Kemper, Meinolf"]
[Black "Dydyshko, Viacheslav"]
[Result "1/2-1/2"]
[WhiteElo "2050"]
[BlackElo "2490"]
[PlyCount "108"]
[EventDate "1997.10.??"]
[EventType "swiss"]
[EventRounds "9"]
[EventCountry "GER"]
[SourceTitle "CBM 060 Extra"]
[Source "ChessBase"]
[SourceDate "1997.11.04"]
[SourceVersion "1"]
[SourceVersionDate "1997.11.04"]
[SourceQuality "1"]

1. e4 c5 2. Nf3 d6 3. d4 cxd4 4. Nxd4 Nf6 5. Nc3 a6 6. Be3 Ng4 7. Bg5 h6 8. Bh4 g5 9. Bg3 Bg7 10. Qd2 Nc6 11. Nf3 Be6 12. h4 Qb6 13. Rb1 Rc8 14. Be2 gxh4 15. Bxh4 Qc5 16. 0-0 Rg8 17. Nd5 Bxd5 18. exd5 Nce5 19. c3 Ng6 20. Bg3 Nf6 21. Bd3 Qxd5 22. Rbd1 Kf8 23. Qc2 Qh5 24. Qb3 b5 25. Qa3 Bh8 26. Qxa6 Rc5 27. b4 Rxc3 28. Qxb5 Qxb5 29. Bxb5 Ne4 30. Bd7 Ra3 31. Nd4 Bxd4 32. Rxd4 Nxg3 33. fxg3 Ne5 34. Be6 Raxg3 35. Bd5 e6 36. Bxe6 Rxg2+ 37. Kh1 Ke7 38. Bd5 R2g4 39. Rxg4 Rxg4 40. Rb1 Nd3 41. b5 Rb4 42. Rxb4 Nxb4 43. Bb3 Kd7 44. Bxf7 Kc7 45. a4 Kb6 46. Kg2 Nd3 47. Bb3 Nc5 48. Bd1 d5 49. Kf3 d4 50. Bc2 Ka5 51. Kf4 h5 52. Ke5 d3 53. Bxd3 Nxd3+ 54. Kf5 Nc5 1/2-1/2